00963 a2200217 4500020001800000050002100018100003500039245008600074250001200160264004400172300001900216500005100235504005100286650001600337700002100353700002600374700006500400856008300465856009100548856010600639 a978019923209300aKD 1715 ELL 20111 aEllinger, E. P.d1933-eauthor10aEllinger's Modern banking law /cE.P. Ellinger, Eva Lomnicka, and Richard Hooley. a5th ed. aOxford:bOxford University press,c2011 alxxxii,948p. ; aIncludes bibliographical references and index. aIncludes bibliographical references and index. 0aBanking law1 aLomnicka, Eva Z.1 aHooley, Richard,cDr.1 aEllinger, E. P.q(Eliahu Peter),d1933-tModern banking law.413Table of contents onlyuhttp://www.loc.gov/catdir/toc/ecip0515/2005018939.html423Publisher descriptionuhttp://www.loc.gov/catdir/enhancements/fy0637/2005018939-d.html423Contributor biographical informationuhttp://www.loc.gov/catdir/enhancements/fy0724/2005018939-b.html